Sokolská zástava list sokolskej župy východoslovenskej

Bibliographic Details
Corporate Authors: Sokolská župa východoslovenská Jána Kollára (Publisher), Sv. Mikuláš, (Prešov, Slovenko), Slovenská kníhtlačiareň (Bratislava) filiálka Košice (tlač.)
Other Authors: Marek, Stanislav (Publishing director), Todt, Stan. D. (Publishing director)
Format: Journal
Language:Slovak
PhysicalDescription:4 roč. 24 x 16 cm
Published: Prešov Sokolská župa východoslovenská Jána Kollára 1/I 1922-3/III 1924
Košice
Subjects:

MARC

LEADER 00000nas a22000001a 4500
001 vtls010298617
003 SK-MaSNL
005 20260228163439.0
008 110809d19221925xo mr p r 0 b0slo
015 |a SNBDS17XX9999 
015 |a 0731  |2 Kipsová 1919-38 
038 |a SNKBUDS 
040 |a SNK  |b slo  |c SNK  |e AACR2 
041 0 |a slo 
044 |a xo  |c SK 
080 |a 796  |2 2001 
245 0 0 |a Sokolská zástava  |b list sokolskej župy východoslovenskej 
260 |a Prešov  |b Sokolská župa východoslovenská Jána Kollára  |c 1/I 1922-3/III 1924 
260 3 |3 1/IV 1925-8/IV 1925  |a Košice  |b Sokolská župa východoslovenská Jána Kollára 
300 |a 4 roč.  |c 24 x 16 cm 
310 |a 1x mesačne 
362 0 |a Roč. I, č. 1 (15.4.1922)-roč. IV, č. 8 (15.8.1925) 
500 |a Zmena podnázvu: od 1/IV (25. apr. 1925) Vestník sokolskej župy východoslovenskej Jána Kollára 
500 |a Vych. v Prešove; od 1/IV (25. apr. 1925) v Košiciach raz mesačne 
500 |a Zodp. red. Stan. Marek; od 1/IV (25. apr. 1925) Stan. D. Todt. Red. od 1/II (28. febr. 1923) Stan. Marek s redakčným kruhom; od 1/IV (25. apr. 1925) Stan. D. Todt s redakčným kruhom 
500 |a Maj. a vyd. Sokolská župa východoslovenská Jána Kollára 
500 |a Tlač. Kníhtlačiareň Sv. Mikuláša, Prešov; od 1/IV (25. apr. 1925) Slovenská kníhtlačiareň, Košice 
500 |a Vyšiel 15. apríla 1922, zanikol 15. augusta 1925. Vychádzanie časopisu vzal na vedomie býv. Župný úrad v Košiciach výmerom čís. 4266/25 zaniknutie výmerom zo dňa 29. augusta 1929 čís. 13429/29 prez. 
505 8 0 |g Roč. I. 1922 4 čís. 56 s. 
505 8 0 |g Roč. III. 1924 3 čís. 32 s 
505 8 0 |g Roč. IV. 1925 8 čís. 92 s. 
505 8 0 |g Roč. II. 1923 6 čís. 96 s. 
650 0 7 |a šport  |2 SNKPH  |9 1042 
650 0 7 |a telovýchova  |2 SNKPH  |9 1044 
655 7 |a telovýchovné a športové časopisy  |2 SNKBUDS  |9 269722 
700 1 |a Marek, Stanislav  |4 pbd  |4 red  |9 274037 
700 1 |a Todt, Stan. D.  |4 pbd  |4 red  |9 274038 
710 2 |a Sokolská župa východoslovenská Jána Kollára  |e vydav.  |9 270990 
710 2 |a Sv. Mikuláš, (Prešov, Slovenko)  |d 1913-1947  |9 269807 
710 2 |a Slovenská kníhtlačiareň (Bratislava)  |b filiálka Košice  |e tlač.  |9 272308 
852 |a SNK  |b 10000  |h ČSC 1475 
852 |a UKB  |b 300000  |h SD 136 
852 |a PANKP  |b 5000000  |h 54 E 4482 
999 |c 9435  |d 11365